Normal view
MARC view
- اسئلة واجوبة
Entry Topical Term
001 - CONTROL NUMBER
- control field: 10381
003 - CONTROL NUMBER IDENTIFIER
- control field: JO-AjAnu
005 - DATE AND TIME OF LATEST TRANSACTION
- control field: 20230606071952.0
008 - FIXED-LENGTH DATA ELEMENTS
- fixed length control field: 230606|| aca||aabn | a|a d
040 ## - CATALOGING SOURCE
- Original cataloging agency: JO-AjAnu
- Transcribing agency: JO-AjAnu
150 ## - HEADING--TOPICAL TERM
- Topical term or geographic name entry element: اسئلة واجوبة
670 ## - SOURCE DATA FOUND
- Source citation: Work cat.: (JO-AjAnu)5345: البرباري،نبيل , author 10380, اختبر معلوماتك:طريقة تثقيفية مسلية توسع معلوماتك العامة وتنمي ذكاءك